Аграрная история древнего мира : (Record no. 117004)
[ view plain ]
| 000 -LEADER | |
|---|---|
| fixed length control field | 01146nam a2200241 a 4500 |
| 001 - CONTROL NUMBER | |
| control field | 000315466 |
| 003 - CONTROL NUMBER IDENTIFIER | |
| control field | AM-YeHGA |
| 005 - DATE AND TIME OF LATEST TRANSACTION | |
| control field | 20250617130422.0 |
| 008 - FIXED-LENGTH DATA ELEMENTS--GENERAL INFORMATION | |
| fixed length control field | 040305n ru |||||||||||||||||rus|d |
| 040 ## - CATALOGING SOURCE | |
| Original cataloging agency | AM-YeHGA |
| 041 1# - LANGUAGE CODE | |
| Language code of text/sound track or separate title | rus |
| Language code of original | ger |
| 090 ## - LOCALLY ASSIGNED LC-TYPE CALL NUMBER (OCLC); LOCAL CALL NUMBER (RLIN) | |
| -- | 118351 |
| 100 1# - MAIN ENTRY--PERSONAL NAME | |
| Personal name | Вебер, Макс |
| 245 10 - TITLE STATEMENT | |
| Title | Аграрная история древнего мира : |
| Remainder of title | С прилож. статьи "Римский колонат" проф. М.И. Ростовцева / |
| Statement of responsibility, etc. | Макс Вебер ; Пер. с нем. Е.С. Петрушевской ; Под ред. и с предисл. Д.М. Петрушевского. |
| 260 ## - PUBLICATION, DISTRIBUTION, ETC. | |
| Place of publication, distribution, etc. | Москва : |
| Name of publisher, distributor, etc. | Изд. М. и С. Сабашниковых, |
| Date of publication, distribution, etc. | Б. г. |
| 300 ## - PHYSICAL DESCRIPTION | |
| Extent | VI, 436 с. |
| 500 ## - GENERAL NOTE | |
| General note | Текст напечатан по старой орфографии |
| 650 14 - SUBJECT ADDED ENTRY--TOPICAL TERM | |
| Topical term or geographic name entry element | Земельная экономика |
| 700 1# - ADDED ENTRY--PERSONAL NAME | |
| Personal name | Петрушевская, Е.С. |
| Relator term | пер. |
| Relationship | trl |
| 700 1# - ADDED ENTRY--PERSONAL NAME | |
| Personal name | Петрушевский, Д.М. |
| Relator term | авт. предисл. |
| Relationship | aui |
| Relator term | ред. |
| Relationship | edt |
| 700 1# - ADDED ENTRY--PERSONAL NAME | |
| Personal name | Ростовцев, М.Н. |
| Relator term | авт. ст. |
| Relationship | aui |
| Title of a work | Римский колонат |
| 942 ## - ADDED ENTRY ELEMENTS (KOHA) | |
| Source of classification or shelving scheme | Universal Decimal Classification |
| Koha item type | Գրքեր / Books |
| Withdrawn status | Lost status | Source of classification or shelving scheme | Damaged status | Not for loan | Collection | Home library | Current library | Date acquired | Total checkouts | Full call number | Barcode | Date last seen | Price effective from | Koha item type | Public note |
|---|---|---|---|---|---|---|---|---|---|---|---|---|---|---|---|
| Universal Decimal Classification | General | Fundamental Scientific Library | Fundamental Scientific Library | 22/12/2016 | PII/483940 | FL0272417 | 22/12/2016 | 22/12/2016 | Գրքեր / Books | 30 Days Loan | |||||
| Universal Decimal Classification | Hovhannisian Individual Collection | Fundamental Scientific Library | Fundamental Scientific Library | 20/02/2018 | Иоан/1324 | FL0480707 | 20/02/2018 | 20/02/2018 | Գրքեր / Books | ILL Non-Circ. | |||||
| Universal Decimal Classification | Kusikian Individual Collection | Fundamental Scientific Library | Fundamental Scientific Library | 17/03/2025 | Кус/1071 | FL0687640 | 17/03/2025 | 17/03/2025 | Գրքեր / Books | ILL Non-Circ. |
ՀՀ Գիտությունների ազգային ակադեմիայի հիմնարար գիտական գրադարան = Fundamental Scientific Library of NAS RA
All site content, except where otherwise noted, is licensed under a